00326nam a22001337a 450000500170000000800410001704100130005808200150007110000130008624500360009926000090013530000230014465000250016720231123141826.0231123b |||||||| |||| 00| 0 eng d aEnglish  a341.5 ALT  lEnglish  aAlternative Dispute Resolution  c1991 b14 pages c31 cm.  aLegal practice bLaw